|
|
|
|
| LEADER |
00000nam a2200000Ia 4500 |
| 008 |
160517b2009 C a|||| |||| 00| | spa d |
| 999 |
|
|
|c 597
|d 597
|
| 020 |
|
|
|a 9789968527071
|
| 090 |
|
|
|a 14.02.04
|b 1749
|
| 100 |
1 |
|
|a Cordero Cordero, Teresita
|9 715
|
| 245 |
1 |
0 |
|a Madres maestras de Centroamérica: Herencia de nuestras memorias /
|c Teresita Cordero Cordero
|
| 260 |
|
|
|a Costa Rica :
|b INIE,
|c 2009
|
| 300 |
|
|
|a 356 páginas;
|b ilustraciones;
|
| 490 |
|
|
|a Colección Yiguirro
|
| 650 |
1 |
4 |
|a MADRES
|9 1614
|
| 650 |
1 |
4 |
|a CRIANZA DEL NIÑO
|9 1214
|
| 650 |
1 |
4 |
|a RELATOS PERSONALES
|9 422
|
| 650 |
1 |
4 |
|a PRIMERA INFANCIA
|9 757
|
| 650 |
1 |
0 |
|a EDUCACIÓN NO FORMAL
|9 386
|
| 942 |
|
|
|i 002864 ,002865
|h 14.02.04 1749
|2 z
|c 01
|